Statistics for Mal's European Closest Capital Hopscotch

Click here to take the quiz!

General Stats

  • This quiz has been taken 1,285 times
    (837 since last reset)
  • The average score is 37 of 46

Answer Stats

HintAnswer% Correct
Reykjavik 1488 - IDublin
98%
468 - ULondon
98%
324 - BBrussels
97%
171 - NAmsterdam
96%
318 - LLuxembourg
95%
288 - FParis
95%
438 - SBern
93%
159 - LVaduz
87%
163 - HBudapest
85%
119 - CZagreb
84%
266 - AVienna
83%
358 - GBerlin
82%
83 - FHelsinki
82%
390 - UKiev
82%
400 - SStockholm
82%
484 - DCopenhagen
81%
421 - NOslo
81%
290 - RBucharest
80%
263 - LRiga
80%
683 - IRome
80%
281 - ETallinn
80%
3 - VVatican
80%
58 - SBratislava
79%
435 - BMinsk
79%
177 - BSofia
79%
520 - PWarsaw
79%
505 - PLisbon
78%
401 - SLjubljana
78%
1152 - RMoscow
78%
282 - CPrague
78%
494 - SMadrid
77%
190 - BSarajevo
77%
918 - GAthens
76%
320 - SBelgrade
76%
227 - SSan Marino
76%
132 - ATirana
76%
173 - LVilnius
76%
78 - KPristina
74%
407 - MMonaco
73%
152 - NSkopje
73%
500 - AAndorraLaVella
72%
364 - MChisinau
72%
1795 - TAnkara
71%
170 - MPodgorica
71%
528 - CNicosia
66%
853 - MValletta
64%

Score Distribution

Percentile by Number Answered

Percent of People with Each Score

Your Score History

You have not taken this quiz since the last reset